00000000nam##2200000za#4500
0019.617958
003CaOODSP
00520210615102520
007ta
008150406|2006||||xxc|||||     f|0| 0 eng|d
022 |a0706-6473
040 |aCaOODSP|beng
043 |an-cn---
0861 |aFs97-4/2762E
1101 |aCanada. |bDepartment of Fisheries and Oceans.
24510|aAssessment of submergent macrophytes in the Bay of Quinte, Lake Ontario, August 2004, including historical context / |cby K.E. Leisti, E.S. Millard, and C.K. Minns.
260 |aBurlington - Ontario : |bFisheries and Oceans Canada |c2006.
300 |ax, 81p. : |bgraphs, maps, references, tables ; |c28 cm.
4901 |aCanadian manuscript report of fisheries and aquatic sciences|x0706-6473|vNo. 2762
500 |a"Great Lakes Laboratory for Fisheries and Aquatic Sciences, Fisheries and Oceans Canada, Bayfield Institute, 867 Lakeshore Road, P.O. Box 5050, Burlington, Ontario L7R 4A6 Canada"--Cover.
5203 |aThis report is part of a series that contains scientific and technical information that contributes to existing knowledge but deals with national or regional problems. They are distributed to institutions and individuals in the relevant areas of Canada. The subject matter reflects the interests and policies of the Department of Fisheries and Oceans.
546 |a(Résumé en français.)
563 |aSpiral binding
590 |a06-32|b2006-08-11
69007|aAquatic ecosystems|2gcpds
69007|aLakes|2gcpds
7201 |aMinns, C.
7201 |aLeisti, K. E
7201 |aMillard, E. S
7760#|tAssessment of submergent macrophytes in the Bay of Quinte, Lake Ontario, August 2004, including historical context / |w(CaOODSP)9.580048
830#0|aCanadian manuscript report of fisheries and aquatic sciences,|x0706-6473|vNo. 2762|w(CaOODSP)9.514688